EXPERT DATA STRUCTURES WITH C (Record no. 3022)

MARC details
000 -LEADER
fixed length control field 00371nam a2200145Ia 4500
008 - FIXED-LENGTH DATA ELEMENTS--GENERAL INFORMATION
fixed length control field 240624s9999 xx 000 0 und d
041 ## - LANGUAGE CODE
Language code of text/sound track or separate title eng
082 ## - DEWEY DECIMAL CLASSIFICATION NUMBER
Classification number 005.73 PAT
100 ## - MAIN ENTRY--PERSONAL NAME
Personal name PATEL R B
245 ## - TITLE STATEMENT
Title EXPERT DATA STRUCTURES WITH C
250 ## - EDITION STATEMENT
Edition statement (2nd ed.)
260 ## - PUBLICATION, DISTRIBUTION, ETC.
Date of publication, distribution, etc. 2004
Place of publication, distribution, etc. Delhi
Name of publisher, distributor, etc. Khanna Book Publishing Co.
300 ## - PHYSICAL DESCRIPTION
Extent xviii, : 909 : p. : cm. ; 25
365 ## - TRADE PRICE
Currency code RS
Holdings
Withdrawn status Lost status Damaged status Not for loan Home library Current library Shelving location Date acquired Source of acquisition Cost, normal purchase price Full call number Barcode Date last seen Copy number Price effective from Koha item type
        IMTN IMTN Rack 3-A 12/26/2005 AP 325.00 005.73 PAT 3022 06/24/2024 1 06/24/2024 Books
Designed & Maintained by: LRC IMT Nagpur Contact: lrc@imtnag.ac.in© 2024. All Rights Reserved.